Wāqiʻ al-milkīyah al-zirāʻīyah fī al-ʻIrāq. (Record no. 49928)

MARC details
000 -LEADER
fixed length control field 01057cam a22002411 4500
001 - CONTROL NUMBER
control field ne 68000116
003 - CONTROL NUMBER IDENTIFIER
control field DLC
005 - DATE AND TIME OF LATEST TRANSACTION
control field 20260227111836.0
008 - FIXED-LENGTH DATA ELEMENTS--GENERAL INFORMATION
fixed length control field 861211s1958 iq bl 000 0 arar
010 ## - LIBRARY OF CONGRESS CONTROL NUMBER
LC control number ne 68000116
035 ## - SYSTEM CONTROL NUMBER
System control number (OCoLC)14956043
040 ## - CATALOGING SOURCE
Original cataloging agency DLC
Transcribing agency WaU
Modifying agency OCoLC
-- DLC
042 ## - AUTHENTICATION CODE
Authentication code premarc
043 ## - GEOGRAPHIC AREA CODE
Geographic area code a-iq---
050 00 - LIBRARY OF CONGRESS CALL NUMBER
Classification number KMJ3056
Item number .S53 1958
100 1# - MAIN ENTRY--PERSONAL NAME
Personal name Shaybānī, Ṭalʻat.
245 10 - TITLE STATEMENT
Title Wāqiʻ al-milkīyah al-zirāʻīyah fī al-ʻIrāq.
260 ## - PUBLICATION, DISTRIBUTION, ETC.
Place of publication, distribution, etc. Baghdād,
Name of publisher, distributor, etc. Dār al-Ahālī lil-nashr wa-al-tawqīʻ,
Date of publication, distribution, etc. 1958.
300 ## - PHYSICAL DESCRIPTION
Extent 194 p.
505 0# - FORMATTED CONTENTS NOTE
Formatted contents note ʻMlaḥiq al-baḥth. 1 - Qānūn al-iṣlāḥ al-zirāʻī al-ʻIrāqī raqm 30/958. 2 - Qānūn al- iṣlāh al-zirāʻī fī al-iqlīm al-shamālī (Sūriya) min al-Jumhūrīyah al-ʻArabīyah al-Muttaḥidah, 1958. 3 - Qānūn al-iṣlāḥ al-zirāʻī al-Miṣrī, 1952. 4 - Qānūn al-iṣlāḥ al-zirāʻī fī Jumhūriyat al-Ṣīn al-Shaʻbīyah 1950. p. 116-190.
504 ## - BIBLIOGRAPHY, ETC. NOTE
Bibliography, etc. note Bibliography: p. 191-194.
650 #0 - SUBJECT ADDED ENTRY--TOPICAL TERM
Topical term or geographic name entry element Land tenure
General subdivision Law and legislation
Geographic subdivision Iraq.

No items available.

Powered by Koha